header

Oil well fires (Record no. 1693)

MARC details
000 -LEADER
fixed length control field 01361nam a2200337 a 4500
082 04 - DEWEY DECIMAL CLASSIFICATION NUMBER
Classification number 616.9/8023
245 00 - TITLE STATEMENT
Title Oil well fires
260 ## - PUBLICATION, DISTRIBUTION, ETC. (IMPRINT)
Place of publication Santa Monica, CA :
Name of publisher Rand,
Year of publication 2001.
300 ## - PHYSICAL DESCRIPTION
Number of Pages 70 p.
490 0# - SERIES STATEMENT
Series statement Gulf War illnesses series: a Review of the scientific literature as it pertains to Gulf War illnesses ;
500 ## - GENERAL NOTE
General note "MR-1018-OSD."
General note "Prepared for the Office of the Secretary of Defense, National Defense Research Institute."
650 #0 - SUBJECT ADDED ENTRY--TOPICAL TERM
Topical Term Persian Gulf syndrome.
700 1# - ADDED ENTRY--PERSONAL NAME
Personal name Spektor, Dalia M.
856 40 - ELECTRONIC LOCATION AND ACCESS
Uniform Resource Identifier http://site.ebrary.com/lib/rucke/Doc?id=5002316

No items available.

© 2026 Rongo University
Contact us: librarian | system librarian | Rongo university